00289nam a2200121Ia 4500008004100000100001900041245002600060260003400086300001100120650001200131942000700143999001700150190216s9999||||xx |||||||||||||| ||und|| aSrinivasan K N 0aKannukali Samrakshnam bKerala Bhasha Institutec1976 axxxiip aZoology cBK c37658d37658